Correlated electrons in quantum matter (Record no. 754741)

MARC details
000 -LEADER
fixed length control field 00386nam a22001457a 4500
020 ## - INTERNATIONAL STANDARD BOOK NUMBER
ISBN 9789814390910
084 ## - OTHER CLASSIFICATION NUMBER
Classification number 530.4
100 ## - MAIN ENTRY--AUTHOR NAME
Personal name Flude, Peter
245 ## - TITLE STATEMENT
Title Correlated electrons in quantum matter
260 ## - PUBLICATION, DISTRIBUTION, ETC. (IMPRINT)
Place of publication Singapore:
Name of publisher World Scientific,
Year of publication 2012.
300 ## - PHYSICAL DESCRIPTION
Number of Pages xiii,535p.
650 ## - SUBJECT ADDED ENTRY--TOPICAL TERM
Topical Term Constitution and properties of matter
942 ## - ADDED ENTRY ELEMENTS (KOHA)
Source of classification or shelving scheme Dewey Decimal Classification
Koha item type Book
Holdings
Withdrawn status Lost status Source of classification or shelving scheme Damaged status Not for loan Collection code Home Library Current Location Shelving location Date acquired Source of acquisition Cost, normal purchase price Full call number Accession Number Price effective from Koha item type
    Dewey Decimal Classification     Non-fiction Dept. of Physics Dept. of Physics General Stacks 03/01/2026 SBS-T/25 dt 16-01-2026 18037.36 530.4 FUL-C PHY9032 03/01/2026 Book